000 00484nam a2200157Ia 4500
005 20241105135840.0
008 240126s9999 xx 000 0 und d
020 _a9780316438490
082 _a863.6 IKE;1 R
100 _aIkenson, Ben. Bennett, Jay.
245 0 _aIngenious patents : bubble wrap, barbed wire, bionic eyes, and other pioneering inventions
260 _bBlack Dog and Leventhal Publishers
_aNew York
_c2018
300 _axii, 273
440 _aNULL
942 _cPU
999 _c285223
_d285223